000 00320nam a22001217a 4500
003 OSt
005 20240402163148.0
008 240402b |||||||| |||| 00| 0 eng d
040 _cCentral Library MRSPTU
100 _a Dr. Harshvardan
245 _aSamya Ke Rett Par (समय की रेत पर)
942 _2ddc
_cBK
_n0
999 _c9939
_d9939